• 首页
  • 本馆介绍
  • 公告通知
  • 最新文献
  • 馆藏检索
  • 电子资源
  • 读者导购
  • 参考咨询
  • 我的图书馆
  • 登录
  • 详细信息显示
  • 放入我的书架
  • 预约/预借图书
  • 作者相关作品
  • 分类相关作品
  • 丛书相关作品
  • 出版社相关作品

书目信息

  • 表格格式
  • 工作单格式
  • 卡片格式
题名:
中国科技发展研究报告(2000)
    
 
作者: 《中国科技发展报告》研究组 著
分册:  
出版信息: 北京   社会科学文献出版社  2000.12
页数: 341页
开本: 29cm
丛书名:
单 册:
中图分类: G322.1
科图分类:
主题词: 科学研究事业--报告--中国--2000
电子资源:
ISBN: 7-80149-417-2
000 00858nam0 2200205 45
001 0203251494
005 20031219104053.8
010    @a7-80149-417-2@dCNY49.80
100    @a20020325d2000 km y0chiy0120 ea
101 0  @achi
105    @aka z 000yy
200 1  @a中国科技发展研究报告(2000)@AZhong Guo Ke Ji Fa Zhan Yan Jiu Bao Gao(2000)@e科技全球化及中国面临的挑战@EKe Ji Quan Qiu Hua Ji Zhong Guo Mian Lin De Tiao Zhan@f《中国科技发展报告》研究组著@F《Zhong Guo Ke Ji Fa Zhan Bao Gao》Yan Jiu Zu Zhu
210    @a北京@c社会科学文献出版社@d2000.12
215    @a341页@c图@d29cm
517    @a科技全球化及中国面临的挑战@AKe Ji Quan Qiu Hua Ji Zhong Guo Mian Lin De Tiao Zhan
606 0  @a科学研究事业@x报告@y中国@z2000
690    @aG322.1@v4
701  0 @a《中国科技发展报告》研究组@4著
801    @aCN@bTSTC@c20020325
905    @b307121-125@dG322.1@e16(2000)@f5
    
    中国科技发展研究报告(2000):科技全球化及中国面临的挑战/《中国科技发展报告》研究组著.-北京:社会科学文献出版社,2000.12
    341页:图;29cm
    
    
    ISBN 7-80149-417-2:CNY49.80
    
●
相关链接 在E读中查询图书 在五车中查询图书 在当当中查询图书 在豆瓣中查询图书


正题名:中国科技发展研究报告(2000)     索取号:G322.1/16(2000)         预约/预借

序号 登录号 条形码 馆藏地/架位号 状态 备注
1 0307121   203071219   密集书库/ [索取号:G322.1/16(2000)] 在馆    
2 0307122   203071228   密集书库/ [索取号:G322.1/16(2000)] 在馆    
3 0307123   203071237   第四借阅区/ [索取号:G322.1/16(2000)] 在馆    
4 0307124   203071246   第四借阅区/ [索取号:G322.1/16(2000)] 在馆    
5 0307125   203071255   第一样本阅览室/ [索取号:G322.1/16(2000)] 在馆    
唐山师范学院图书馆 欢迎您!
大连网信软件有限公司© 版权所有